000 01013cam a2200205 4500
001 WB3709-31
008 000000n2001 000 0 eng u
035 _a(Sirsi) u111177
245 _aNon-food producing farm is role model for the future
260 _c2001
490 _aFarmers' Weekly
_v134(8) 23 February 2001, 10(1)
520 _aThe MAFF has chosen a farm whose owners have entirely given up farming to promote diversification and good environmental management. Much of the farmland at Lower Farm, Noke, Oxfordshire has been sold whilst the remainder has been converted into wetlands under the government Environmentally Sensitive Area (ESA) scheme. Farm buildings have also been converted into holiday cottages and business units providing an additional source of income.
590 _aWB
650 _aENVIRONMENTAL MANAGEMENT
650 _aENVIRONMENTALLY SENSITIVE AREA SCHEME
650 _aESAS
650 _aFARM DIVERSIFICATION
690 _aRURAL-FARM BUSINESS MANAGEMENT
942 _n0
999 _c66230
_d66230